02875nam a2200409Ia 4500952010900000952010900109952011200218952010900330952012500439952009700564952010900661999001700770005001700787008004100804020001800845050002100863100003300884240004000917245013700957250001901094260004701113300003601160500004701196500011101243504003401354505060301388519009101991519008802082519004402170519004402214519004402258519004402302650002802346700003002374700005402404942000702458 00104070a04b04d2008-07-25l2oQ335 R8718 2004p04 001568r2014-06-19s2014-06-19t1w2012-06-24yLB 00104070a04b04d2008-07-25l2oQ335 R8718 2004p04 001569r2014-06-16s2014-06-16t2w2012-06-24yLB 00104070a04b04d2008-07-25l6m2oQ335 R8718 2004p04 001570r2014-09-04s2014-08-29t3w2012-06-24yLB 00104070a04b04d2008-07-25l7oQ335 R8718 2004p04 001571r2016-12-03s2016-11-29t4w2012-06-24yLB 00102lcc4070a07b07d2015-04-09l1o Q335 R8718 2004 p07 005041r2019-10-12s2019-10-07t2015-04-09w2015-04-09yLB 00104070a04b04d2015-09-09l0oQ335 R8718 2004p04 005721r2015-09-09t5w2015-09-09yLB 00104070a22b22d2017-11-16l1oQ335 R8718 2004p24 000277r2023-08-05s2018-03-22t1w2017-11-16yLB c62156d6215620231102150742.0120625s2004 sp 001 0 spa d a9788420540030 4aQ335bR8718 20041 aRussell, Stuart J.e , autor10aArtificial IntelligencelEspañol 10aInteligencia artificialb : un enfoque moderno c / Stuart J. Russell, Peter Norvig ; traducción Juan Manuel Corchado Rodríguez  a2a. edición  aEspañab : Pearson Educación c , 2004 axxiv, 1212 páginasc ; 25 cm. aTítulo original: Artificial Intelligence aEjemplar 1 (04 001568) es reimpresión 2006 Ejemplar 3 (04 001570) y 4 (04 001571) son reimpresión 2007 aBibliografía: pp. 1121-11770 aAgentes inteligentes Resolver problemas mediante búsqueda Búsqueda informada y exploración Problemas de satisfacción de restricciones Búsqueda entre adversarios Agebtes lógicos Lógica de primer orden Inferencia en lógica de primer orden Representación del conocimiento Planificación Planificación y acción en el mundo real Incertidumbre Razonamiento probabilista en el tiempo Toma de decisiones sencillas Toma de decisiones complejas Aprendiazaje de observaciones Conocimiento en el aprendizaje Método estadístico de aprendizaje Aprendizaje por refuerzo  aPlan Flexible / bInformática / cInteligencia Artificial (LI951-1) / d(24 000277)  aPlan Flexible / bInformática / cInteligencia Artificial (P30-3) / d(04 001568) aMaterial Complementario / d(04 001569) aMaterial Complementario / d(04 001570) aMaterial Complementario / d(04 001571) aMaterial Complementario / d(04 005721) 4aINTELIGENCIA ARTIFICIAL1 aNorvig, Peter e , autor 1 aCorchado Rodríguez, Juan Manuel e , traductor  cLB